Faktory destabilizácie Somálska

Faktory, ktoré v histórii Somálska pôsobili ako zdroje nestability a podmienili tak jeho súčasnú pozíciu. Autor sa za týmto účelom venuje kolonializmu, veľkosomálskemu nacionalizmu, Barreho režimu a jeho externej podpore, občianskej vojne sprevádzanej hladomorom a faktoru externých aktérov, ďalej vp...

Descripción completa

Guardado en:
Detalles Bibliográficos
Autor principal: Pajtinka, Viliam
Formato: Capítulo de libro
Lenguaje:eslovaco
Materias:
Etiquetas: Agregar Etiqueta
Sin Etiquetas, Sea el primero en etiquetar este registro!

MARC

LEADER 00000nla$a2200000$$$4500
001 0149688
005 20240502072706.7
041 0 |a slo 
044 |a SK 
245 1 0 |a Faktory destabilizácie Somálska  |c Viliam Pajtinka 
520 |a Faktory, ktoré v histórii Somálska pôsobili ako zdroje nestability a podmienili tak jeho súčasnú pozíciu. Autor sa za týmto účelom venuje kolonializmu, veľkosomálskemu nacionalizmu, Barreho režimu a jeho externej podpore, občianskej vojne sprevádzanej hladomorom a faktoru externých aktérov, ďalej vplyvu vnútroštátnych aktérov s dôrazom na somálskych pirátov ako aj stručnému načrtnutiu geografických podmienok. 
610 2 0 |a Somálsko 
610 2 0 |a história 
610 2 0 |a nestabilita politická 
610 2 0 |a hlad 
610 2 0 |a činnosť trestná 
100 1 |a Pajtinka, Viliam